What routes terminate at ___? (Stepford Connect edition) - Statistics

General Stats
  • This quiz has been taken 76 times
  • The average score is 64 of 68
Answer Stats
Terminus How many routes? Route Code Where can you go? % Correct
Airport Central 3 Routes R001 Stepford Central
98%
Berrily 3 Routes R027 Stepford Central
98%
Leighton City 4 Routes R003 Stepford Central
98%
Llyn-By-The-Sea 6 Routes R024 Stepford Central
98%
Morganstown 2 Routes R007 Stepford Central
98%
Stepford UFC 3 Routes R021 Stepford Central
98%
Whitefield 2 Routes R020 Stepford Central
98%
Airport Central 3 Routes R005 Stepford Victoria
98%
Berrily 3 Routes R008 Stepford Victoria
98%
Edgemead 4 Routes R009 Stepford Victoria
98%
Leighton City 4 Routes R045 Stepford Victoria
98%
Llyn-By-The-Sea 6 Routes R026 Stepford Victoria
98%
Stepford UFC 3 Routes R023 Stepford Victoria
98%
Terminal 2 2 Routes R046 Stepford Victoria
98%
Willowfield 6 Routes R028 Stepford Victoria
98%
Edgemead 4 Routes R004 St Helens Bridge
98%
Terminal 2 2 Routes R048 St Helens Bridge
98%
Westwyvern 3 Routes R025 St Helens Bridge
98%
Benton 2 Routes R039 Leighton City
96%
Leighton West 4 Routes R043 Leighton City
96%
Llyn-By-The-Sea 6 Routes R037 Leighton City
96%
Stepford Central 8 Routes R003 Leighton City
96%
Stepford Victoria 10 Routes R045 Leighton City
96%
Westwyvern 3 Routes R038 Leighton City
96%
Edgemead 4 Routes R040 Llyn-By-The-Sea
96%
Leighton West 4 Routes R042 Llyn-By-The-Sea
96%
Stepford Central 8 Routes R024 Llyn-By-The-Sea
96%
Stepford Victoria 10 Routes R026 Llyn-By-The-Sea
96%
Willowfield 6 Routes R036 Llyn-By-The-Sea
96%
Beechley 3 Routes R034 Morganstown
96%
Willowfield 6 Routes R035 Westwyvern
96%
Berrily 3 Routes R030 Willowfield
96%
Llyn-By-The-Sea 6 Routes R036 Willowfield
96%
Stepford UFC 3 Routes R031 Willowfield
96%
Stepford Victoria 10 Routes R028 Willowfield
96%
Westwyvern 3 Routes R035 Willowfield
96%
Leighton City 4 Routes R039 Benton
94%
Leighton West 4 Routes R044 Benton
94%
St Helens Bridge 4 Routes R025 Westwyvern
94%
Airport Central 3 Routes R003 Beechley
93%
Morganstown 2 Routes R034 Beechley
93%
Stepford Victoria 10 Routes R029 Beechley
93%
Whitefield 2 Routes R022 Beechley
93%
Stepford Central 8 Routes R021 Stepford UFC
93%
Stepford Victoria 10 Routes R023 Stepford UFC
93%
Willowfield 6 Routes R031 Stepford UFC
93%
Beechley 3 Routes R022 Whitefield
93%
Stepford Central 8 Routes R020 Whitefield
93%
Benton 2 Routes R044 Leighton West
91%
Edgemead 4 Routes R041 Leighton West
91%
Leighton City 4 Routes R043 Leighton West
91%
Llyn-By-The-Sea 6 Routes R042 Leighton West
91%
Stepford Central 8 Routes R027 Berrily
89%
Stepford Victoria 10 Routes R008 Berrily
89%
Willowfield 6 Routes R030 Berrily
89%
Leighton West 4 Routes R041 Edgemead
89%
Llyn-By-The-Sea 6 Routes R040 Edgemead
89%
St Helens Bridge 4 Routes R004 Edgemead
89%
Stepford Victoria 10 Routes R009 Edgemead
89%
St Helens Bridge 4 Routes R048 Terminal 2
89%
Stepford Victoria 10 Routes R046 Terminal 2
89%
Beechley 3 Routes R033 Airport Central
87%
Stepford Central 8 Routes R001 Airport Central
87%
Stepford Victoria 10 Routes R005 Airport Central
87%
St Helens Bridge 4 Routes R047 Port Benton
87%
Stepford Central 8 Routes R002 Port Benton
87%
Stepford Victoria 10 Routes R006 Port Benton
87%
Willowfield 6 Routes R032 Port Benton
87%
No matching quizzes found
Score Distribution
Percent of People with Each Score
Percentile by Number Answered
Your Score History
You have not taken this quiz